000 00291nam a22001217a 4500
008 180919b xxu||||| |||| 00| 0 eng d
041 _aeng
080 _a321
100 _a21
101 _aPOL
245 _aPolitical Cliente;ism Patronage Development
_cEisenstaldt,S,N
942 _2udc
_cBK
999 _c48024
_d48024